| 000 | 00888nam a2200205Ia 4500 | ||
|---|---|---|---|
| 003 | GCL | ||
| 008 | 140319s9999 xx 000 0 ara d | ||
| 020 | _a1596101977 | ||
| 040 |
_aGCL / _cGCL |
||
| 082 | 0 | 4 |
_aق _b962.031 _bط س |
| 100 | 1 | _aطارق عبدالعاطى غنيم بيومى | |
| 245 | 1 | 0 |
_aسياسة مصر فى البحر الاحمر فى النصف الاول من القرن التاسع عشر 1226 - 1265هـ \ 1811 - 1848 م / _cطارق عبدالعاطى غنيم بيومى |
| 260 |
_aالقاهرة : _bالهيئة المصرية العامة للكتاب ، _c1999 |
||
| 300 |
_a270 ص ؛ _c22 سم |
||
| 490 |
_aتاريخ المصريين _v140 |
||
| 650 | 0 | 4 | _aالموانئ |
| 650 | 0 | 4 | _aمصر - تاريخ - العصر الحديث - عصر محمد على ( 1805- 1849 م ) |
| 650 | 0 | 4 | _aمصر - الحدود السياسية |
| 942 |
_2ddc _cBK |
||
| 999 |
_c56314 _d56314 |
||